000 00311nam a2200121Ia 4500
008 220204s9999 xx 000 0 und d
082 _a030=111=112.2
_bGER
100 _aRoy, Dietrich
245 0 _aLangenscheidt standard German dictionary
250 _a6
260 _aBerlin
_bLangenscheidt
_c1970
942 _cBK
999 _c25532
_d25532